[Event "Manhem IM Swiss"]
[Site "?"]
[Date "1999.06.17"]
[Round "6"]
[White "Leer-Salvesen, Bjarte"]
[Black "Evertsson, Kristian"]
[Result "1-0"]
[WhiteElo "2255"]
[BlackElo "2080"]
[PlyCount "70"]
[EventDate "1999.06.12"]
[EventRounds "9"]

1. c4 e5 2. g3 Nf6 3. Bg2 d5 4. cxd5 Nxd5 5. Nc3 Nb6 6. Nf3 Nc6 7. d3 Be7 8.
Be3 Be6 9. O-O f5 10. Rc1 g5 11. Na4 g4 12. Rxc6 bxc6 13. Nxe5 Bd5 14. Nxc6 Qd7
15. Bxd5 Nxd5 16. Bd4 Bf6 17. Ne5 Qd6 18. Nc4 Qe7 19. Bc5 Qd7 20. Ba3 h5 21.
Nc5 Qc6 22. e4 Ne7 23. exf5 O-O-O 24. Re1 Nxf5 25. Re6 Qd5 26. Rxf6 Rde8 27.
Ne4 Rxe4 28. Rxf5 Qxf5 29. dxe4 Qxe4 30. Ne3 Rd8 31. Qc2 Rd6 32. Bxd6 c6 33.
Bf4 Kd7 34. Qe2 a5 35. b3 Qd4 1-0

[Event "Manhem IM Swiss"]
[Site "?"]
[Date "1999.06.17"]
[Round "6"]
[White "Polej, Vladimir"]
[Black "Moberg, Karl Johan"]
[Result "1/2-1/2"]
[WhiteElo "2386"]
[BlackElo "2337"]
[PlyCount "98"]
[EventDate "1999.06.12"]
[EventRounds "9"]

1. Nf3 Nf6 2. c4 g6 3. Nc3 d5 4. d4 Bg7 5. cxd5 Nxd5 6. e4 Nxc3 7. bxc3 c5 8.
Be2 O-O 9. Rb1 cxd4 10. cxd4 Qa5+ 11. Bd2 Qxa2 12. O-O b6 13. Bg5 Bb7 14. Rc1
Qe6 15. Rc7 Bxe4 16. Bxe7 Rc8 17. Ng5 Rxc7 18. Nxe6 fxe6 19. Bd6 Rd7 20. Bf3
Rxd6 21. Bxe4 Nc6 22. Qg4 Rad8 23. h4 Ne7 24. h5 Kf7 25. Qf4+ Kg8 26. Qg5 Kf7
27. Re1 Bxd4 28. Qh6 Bg7 29. Qf4+ Bf6 30. Re3 g5 31. Qg4 h6 32. Rf3 Kg7 33. Bc2
Rd4 34. Qxe6 R8d6 35. Qe3 a5 36. g3 a4 37. Qa3 b5 38. Re3 Rd7 39. Re6 Kf7 40.
Rb6 R7d5 41. Qf3 Rd6 42. Rxb5 Rc6 43. Bxa4 Rxa4 44. Qb3+ Rcc4 45. Rb6 Ra1+ 46.
Kg2 Rac1 47. Rb4 R1c3 48. Qa2 Rc2 49. Qb3 R2c3 1/2-1/2

[Event "Manhem IM Swiss"]
[Site "?"]
[Date "1999.06.17"]
[Round "6"]
[White "Holmsten, Aleksei"]
[Black "Svensson, Bengt"]
[Result "1/2-1/2"]
[WhiteElo "2373"]
[BlackElo "2376"]
[PlyCount "91"]
[EventDate "1999.06.12"]
[EventRounds "9"]

1. e4 c5 2. Nf3 e6 3. d4 cxd4 4. Nxd4 a6 5. Bd3 Nf6 6. O-O Qc7 7. c4 Nc6 8.
Nxc6 dxc6 9. Be3 e5 10. h3 Be6 11. Nc3 Nd7 12. Qf3 Bc5 13. Nd5 Qd8 14. b4 Bxe3
15. Nxe3 O-O 16. Rfd1 a5 17. a3 Qe7 18. c5 b6 19. cxb6 axb4 20. axb4 Nxb6 21.
Rac1 Rfc8 22. b5 cxb5 23. Bxb5 Rxc1 24. Rxc1 Qb4 25. Bc6 Rc8 26. Nd5 Nxd5 27.
exd5 Bd7 28. Qe3 Qf4 29. Qc5 h6 30. Rb1 Bxc6 31. dxc6 Qd4 32. Qc2 Qd6 33. Rc1
Rc7 34. Qa4 g6 35. Qb5 Kg7 36. Qa4 h5 37. Qb5 Kh7 38. Qa4 Kg7 39. Qb5 Kh7 40.
Kf1 Kg7 41. Qa4 Qd3+ 42. Kg1 Qd5 43. Qa6 Kf6 44. Qb6 Qd6 45. Rc5 Kg7 46. Rc1
1/2-1/2

[Event "Manhem IM Swiss"]
[Site "?"]
[Date "1999.06.17"]
[Round "6"]
[White "Hagesaether, Pal Vegard"]
[Black "Schneider, Stefan"]
[Result "0-1"]
[WhiteElo "2285"]
[BlackElo "2335"]
[PlyCount "102"]
[EventDate "1999.06.12"]
[EventRounds "9"]

1. c4 Nf6 2. g3 c6 3. Nf3 d5 4. b3 Bf5 5. Ba3 Nbd7 6. Bg2 e6 7. Bxf8 Nxf8 8.
O-O N8d7 9. d4 O-O 10. Nbd2 h6 11. Qc1 Qe7 12. Qb2 Rfd8 13. Ne5 Nxe5 14. dxe5
Ne4 15. cxd5 exd5 16. Nf3 Re8 17. Rac1 Ng5 18. Rfe1 Be4 19. h4 Ne6 20. Nd2 Bxg2
21. Kxg2 Nc5 22. f4 a5 23. Qc3 Na6 24. e4 Nb4 25. Qf3 Rad8 26. Red1 Nxa2 27.
Ra1 Nb4 28. exd5 Rxd5 29. Nc4 Ra8 30. Rxd5 Nxd5 31. Nd6 f6 32. Qe4 fxe5 33.
fxe5 Rd8 34. Nf5 Qe6 35. Nd4 Qd7 36. e6 Nf6 37. exd7 Nxe4 38. Rxa5 Rxd7 39. Nf3
Rd3 40. Ra8+ Kh7 41. b4 Rb3 42. h5 g5 43. Re8 Rb2+ 44. Kg1 Rb1+ 45. Kg2 Rb2+
46. Kg1 Rxb4 47. Ne5 Nxg3 48. Re7+ Kg8 49. Re6 Nxh5 50. Rxh6 Nf4 51. Nf3 g4 0-1

[Event "Manhem IM Swiss"]
[Site "?"]
[Date "1999.06.17"]
[Round "6"]
[White "Gullaksen, Eirik"]
[Black "Christensen, Tobias"]
[Result "0-1"]
[WhiteElo "2367"]
[BlackElo "2370"]
[PlyCount "98"]
[EventDate "1999.06.12"]
[EventRounds "9"]

1. e4 d5 2. exd5 Nf6 3. Bb5+ Bd7 4. Bc4 Bg4 5. f3 Bf5 6. Nc3 Nbd7 7. Nge2 Nb6
8. Bb3 Nfxd5 9. Nxd5 Nxd5 10. d4 g6 11. Nf4 c6 12. Nxd5 cxd5 13. Qe2 Be6 14.
Qe5 Rg8 15. Bf4 Qd7 16. O-O g5 17. Bg3 Bg7 18. Qe3 Bf5 19. Rfe1 e6 20. Kh1 h6
21. Rad1 b5 22. Qd2 a5 23. a3 Ke7 24. Be5 f6 25. Bg3 Kf7 26. Re3 h5 27. Rc3 Ra7
28. Re1 h4 29. Bf2 Bf8 30. h3 Bd6 31. Qd1 Bf4 32. Qe2 Bd6 33. Qd1 b4 34. Rce3
Rc8 35. axb4 axb4 36. R3e2 Rac7 37. Qb1 Ra7 38. Qd1 Rac7 39. Qa1 Bxc2 40. Bxc2
Rxc2 41. Qd1 Rxe2 42. Qxe2 Bf4 43. Be3 Bg3 44. Rf1 Qc7 45. Qd2 Qc2 46. Rd1 Qxd2
47. Bxd2 Rc4 48. Be3 Rc2 49. Bc1 b3 0-1

[Event "Manhem IM Swiss"]
[Site "?"]
[Date "1999.06.17"]
[Round "6"]
[White "Lahlum, Hans-Olav"]
[Black "Olsson, Jonas"]
[Result "1-0"]
[WhiteElo "2218"]
[BlackElo "2238"]
[PlyCount "153"]
[EventDate "1999.06.12"]
[EventRounds "9"]

1. d4 d5 2. c4 c6 3. cxd5 cxd5 4. Nf3 Nf6 5. Nc3 Nc6 6. Bf4 a6 7. e3 Bg4 8. Bd3
e6 9. Qb3 Bxf3 10. gxf3 Ra7 11. O-O Nd7 12. Kh1 Qf6 13. Rg1 h6 14. Bg3 Qxf3+
15. Rg2 h5 16. Bh4 f6 17. Ne2 g5 18. Ng1 Qxg2+ 19. Kxg2 gxh4 20. Nf3 Rg8+ 21.
Kh1 f5 22. Nxh4 Be7 23. Ng2 Nf6 24. h3 Kd7 25. Nf4 Bd6 26. Ne2 Kc7 27. Rg1 Raa8
28. a3 Nh7 29. f4 Nf6 30. Qc2 Kd7 31. Nc3 Ke7 32. Na4 Nd7 33. Qd1 Rxg1+ 34.
Qxg1 Kf7 35. b4 b5 36. Nc5 Bxc5 37. dxc5 Nf6 38. Qe1 Rb8 39. Kg2 Ke7 40. Kf3
Kf7 41. Qc3 Ke7 42. Bc2 Kf7 43. Ke2 Ne4 44. Bxe4 dxe4 45. Qe1 Kg6 46. Qh4 Rh8
47. Kd2 Kf7 48. Kc2 Kg6 49. Kb3 Kf7 50. a4 Kg6 51. Qg5+ Kf7 52. h4 Ne7 53. Qg1
Rd8 54. axb5 axb5 55. Qa1 Rd3+ 56. Kb2 Nc6 57. Qa6 Nxb4 58. Qxb5 Nd5 59. Qb7+
Kf6 60. c6 Nxe3 61. c7 Nc4+ 62. Kc2 Nd6 63. Qb8 Kf7 64. c8=Q Nxc8 65. Qxc8 Rf3
66. Qd7+ Kf6 67. Qd8+ Kf7 68. Qg5 Rf2+ 69. Kd1 e3 70. Qxh5+ Ke7 71. Qg5+ Kd6
72. Qg3 Rd2+ 73. Ke1 Rd3 74. Ke2 Rb3 75. Qg8 Kd5 76. Qg7 Ke4 77. Qe5# 1-0

[Event "Manhem IM Swiss"]
[Site "?"]
[Date "1999.06.18"]
[Round "7"]
[White "Olsson, Jonas"]
[Black "Wesslen, Ulf"]
[Result "1-0"]
[WhiteElo "2238"]
[BlackElo "2118"]
[PlyCount "61"]
[EventDate "1999.06.12"]
[EventRounds "9"]

1. d4 e6 2. e4 d5 3. e5 c5 4. c3 Nc6 5. Nf3 Qb6 6. a3 a5 7. Bd3 Bd7 8. O-O cxd4
9. cxd4 Nxd4 10. Nxd4 Qxd4 11. Nc3 Qb6 12. Qg4 a4 13. Be3 Qa5 14. Rad1 Ne7 15.
Qg5 Ng6 16. f4 Bc5 17. Bxc5 Qxc5+ 18. Kh1 Bc6 19. f5 Qe7 20. Qg3 exf5 21. Bxf5
Rd8 22. e6 f6 23. Ne2 Ne5 24. Nf4 Rd6 25. Nh5 Kf8 26. Rd4 Be8 27. Nf4 Bc6 28.
Rfd1 g6 29. Bh3 f5 30. Nxd5 Qxe6 31. Nc7 1-0

[Event "Manhem IM Swiss"]
[Site "?"]
[Date "1999.06.18"]
[Round "7"]
[White "Polej, Vladimir"]
[Black "Gullaksen, Eirik"]
[Result "1-0"]
[WhiteElo "2386"]
[BlackElo "2367"]
[PlyCount "77"]
[EventDate "1999.06.12"]
[EventRounds "9"]

1. e4 c5 2. Nf3 Nc6 3. Bb5 g6 4. Bxc6 dxc6 5. h3 e5 6. d3 f6 7. Be3 Bd6 8. Nc3
Ne7 9. Qd2 Be6 10. Ne2 O-O 11. g4 a5 12. a3 a4 13. Nh2 Qa5 14. c3 Rad8 15. f4
exf4 16. Bxf4 Bxf4 17. Nxf4 Bb3 18. O-O Qc7 19. Rf3 Qd6 20. Raf1 Kg7 21. R1f2
Bg8 22. Nf1 c4 23. d4 c5 24. Ng3 Kh8 25. Nfh5 gxh5 26. Nxh5 Ng6 27. Qh6 Qe7 28.
d5 Ne5 29. Rxf6 Rxf6 30. Rxf6 Rd7 31. d6 Qe8 32. Rf8 Qg6 33. Nf6 Rg7 34. Qxg6
hxg6 35. g5 Nf3+ 36. Kg2 Nxg5 37. d7 Ne6 38. d8=Q Nxd8 39. Rxd8 1-0

[Event "Manhem IM Swiss"]
[Site "?"]
[Date "1999.06.18"]
[Round "7"]
[White "Ziegler, Ari"]
[Black "Bekker-Jensen, David"]
[Result "0-1"]
[WhiteElo "2402"]
[BlackElo "2263"]
[PlyCount "96"]
[EventDate "1999.06.12"]
[EventRounds "9"]

1. c4 Nf6 2. Nc3 g6 3. g3 Bg7 4. Bg2 O-O 5. Nf3 c6 6. O-O d5 7. cxd5 Nxd5 8. d4
Be6 9. e4 Nb6 10. Bg5 Bg4 11. Ne2 h6 12. Bc1 e5 13. Nxe5 Bxe5 14. f3 Bxf3 15.
Rxf3 Bg7 16. Rd3 N8d7 17. Bf4 Qe7 18. Rc1 Rfe8 19. Qd2 Kh7 20. b3 Rac8 21. a4
Nf6 22. a5 Nbd7 23. e5 Nd5 24. Bxd5 cxd5 25. Rdc3 Rxc3 26. Nxc3 Qb4 27. Nxd5
Qxb3 28. Nc7 Rd8 29. Qc3 Qxc3 30. Rxc3 Nb8 31. Be3 Nc6 32. Nb5 a6 33. Rxc6 bxc6
34. Nc7 Bf8 35. Nxa6 Ra8 36. Nc7 Rxa5 37. e6 f5 38. h4 Be7 39. Bf4 Bf6 40. Kg2
Ra2+ 41. Kf1 Be7 42. d5 cxd5 43. Nxd5 Ra7 44. Ke2 Ra6 45. Nc7 Rc6 46. Kd3 Bd8
47. Kd4 Bxc7 48. Kd5 Rc2 0-1

[Event "Manhem IM Swiss"]
[Site "?"]
[Date "1999.06.18"]
[Round "7"]
[White "Olausson, Claes-Goeran"]
[Black "Westerinen, Heikki"]
[Result "1/2-1/2"]
[WhiteElo "2243"]
[BlackElo "2399"]
[PlyCount "27"]
[EventDate "1999.06.12"]
[EventRounds "9"]

1. d4 e6 2. e4 d5 3. Nd2 dxe4 4. Nxe4 Bd7 5. Nf3 Bc6 6. Bd3 Nd7 7. O-O Ngf6 8.
Ned2 Be7 9. Re1 O-O 10. Nc4 Bd5 11. Nce5 c5 12. c4 Bxf3 13. Nxf3 cxd4 14. Nxd4
1/2-1/2

[Event "Manhem IM Swiss"]
[Site "?"]
[Date "1999.06.18"]
[Round "7"]
[White "Leer-Salvesen, Bjarte"]
[Black "Hagesaether, Pal Vegard"]
[Result "1/2-1/2"]
[WhiteElo "2255"]
[BlackElo "2285"]
[PlyCount "37"]
[EventDate "1999.06.12"]
[EventRounds "9"]

1. e4 e6 2. d4 d5 3. Nd2 Nf6 4. e5 Nfd7 5. Bd3 c5 6. c3 Nc6 7. Ne2 Qb6 8. Nf3
cxd4 9. cxd4 f6 10. exf6 Nxf6 11. O-O Bd6 12. Bf4 Bxf4 13. Nxf4 O-O 14. Ng5
Qxb2 15. Rb1 Qxa2 16. Ra1 Qb2 17. Rb1 Qa2 18. Ra1 Qb2 19. Rb1 1/2-1/2

[Event "Manhem IM Swiss"]
[Site "?"]
[Date "1999.06.18"]
[Round "7"]
[White "Svensson, Bengt"]
[Black "Berg, Emanuel"]
[Result "1/2-1/2"]
[WhiteElo "2376"]
[BlackElo "2364"]
[PlyCount "58"]
[EventDate "1999.06.12"]
[EventRounds "9"]

1. e4 e6 2. d4 d5 3. Nc3 Bb4 4. e5 c5 5. a3 Bxc3+ 6. bxc3 Qc7 7. Qg4 f5 8. Qg3
Ne7 9. Qxg7 Rg8 10. Qxh7 cxd4 11. Kd1 Bd7 12. Nf3 Ba4 13. Rb1 Qxc3 14. Ne1 Qc7
15. h4 Nbc6 16. Bg5 O-O-O 17. Bf6 Rd7 18. f4 Rg3 19. Rh3 Rxh3 20. gxh3 d3 21.
Bxd3 d4 22. Qh8+ Nd8 23. Bxe7 Rxe7 24. Qf8 Rh7 25. Rb4 Rf7 26. Qg8 Rg7 27. Qf8
Rf7 28. Qg8 Rg7 29. Qf8 Rf7 1/2-1/2

[Event "Manhem IM Swiss"]
[Site "?"]
[Date "1999.06.18"]
[Round "7"]
[White "Moberg, Karl Johan"]
[Black "Sammalvuo, Tapani"]
[Result "1-0"]
[WhiteElo "2337"]
[BlackElo "2413"]
[PlyCount "91"]
[EventDate "1999.06.12"]
[EventRounds "9"]

1. e4 c5 2. Nf3 d6 3. d4 cxd4 4. Nxd4 Nf6 5. Nc3 a6 6. Be3 e5 7. Nb3 Be6 8. f3
Nbd7 9. Qd2 b5 10. a4 b4 11. Nd5 Bxd5 12. exd5 Nb6 13. Bxb6 Qxb6 14. a5 Qb7 15.
Bc4 Be7 16. Ra4 Rb8 17. Nc1 Bd8 18. b3 Nd7 19. Nd3 Nc5 20. Nxc5 dxc5 21. Qd3
Ra8 22. d6 Ra7 23. O-O O-O 24. Rd1 Bg5 25. Kf2 Qc8 26. d7 Qc7 27. Qd6 Qxd6 28.
Rxd6 Rd8 29. Bxa6 Be7 30. Rc6 Raxd7 31. Bd3 f5 32. Bxf5 Bh4+ 33. g3 Rd2+ 34.
Ke3 Bg5+ 35. f4 exf4+ 36. gxf4 Bh4 37. Rc8 Rxc8 38. Bxc8 Rxc2 39. a6 c4 40.
Be6+ Kf8 41. Bxc4 Bf2+ 42. Ke4 Ba7 43. Rxb4 Rc3 44. Rb7 Re3+ 45. Kd5 Re7 46.
Kc6 1-0

[Event "Manhem IM Swiss"]
[Site "?"]
[Date "1999.06.18"]
[Round "7"]
[White "Holmsten, Aleksei"]
[Black "Grabliauskas, Virginijus"]
[Result "1/2-1/2"]
[WhiteElo "2373"]
[BlackElo "2455"]
[PlyCount "36"]
[EventDate "1999.06.12"]
[EventRounds "9"]

1. e4 c5 2. Nf3 e6 3. d4 cxd4 4. Nxd4 Nc6 5. Be2 Nf6 6. Nc3 Bb4 7. O-O Bxc3 8.
bxc3 Nxe4 9. Nxc6 Qf6 10. Nb4 Nxc3 11. Bb2 Nxe2+ 12. Qxe2 Qxb2 13. Nd5 O-O 14.
Rab1 Qxa2 15. Nc7 Rb8 16. Na6 Ra8 17. Nc7 Rb8 18. Na6 Ra8 1/2-1/2

[Event "Manhem IM Swiss"]
[Site "?"]
[Date "1999.06.18"]
[Round "7"]
[White "Christensen, Tobias"]
[Black "Akesson, Joel"]
[Result "1-0"]
[WhiteElo "2370"]
[BlackElo "2223"]
[PlyCount "77"]
[EventDate "1999.06.12"]
[EventRounds "9"]

1. e4 e6 2. d4 d5 3. Nd2 Nf6 4. Bd3 c5 5. exd5 Qxd5 6. Ngf3 cxd4 7. Bc4 Qd6 8.
O-O Nc6 9. Re1 a6 10. Nb3 b5 11. Bf1 Bb7 12. Nfxd4 Rd8 13. Be3 Qc7 14. a4 b4
15. Qe2 Nxd4 16. Bxd4 Bd6 17. h3 O-O 18. c3 Nd5 19. cxb4 Bxb4 20. Rac1 Qf4 21.
Red1 Bd6 22. g3 Qg5 23. Kh2 h5 24. Bc5 Bb8 25. Bxf8 Rxf8 26. Nc5 Ba8 27. Nd7 h4
28. Nxb8 hxg3+ 29. fxg3 Rxb8 30. Re1 Rb3 31. Qf2 Ne7 32. Rc3 Rb8 33. b3 Nd5 34.
Rd3 Nf6 35. Bg2 Bxg2 36. Kxg2 Qg6 37. Red1 Qh6 38. Qf3 Nd5 39. R1d2 1-0

[Event "Manhem IM Swiss"]
[Site "?"]
[Date "1999.06.18"]
[Round "7"]
[White "Schneider, Stefan"]
[Black "Bekker-Jensen, Simon"]
[Result "0-1"]
[WhiteElo "2335"]
[BlackElo "2360"]
[PlyCount "114"]
[EventDate "1999.06.12"]
[EventRounds "9"]

1. d4 Nf6 2. c4 g6 3. Nc3 Bg7 4. e4 d6 5. Be2 O-O 6. Nf3 e5 7. O-O Na6 8. Be3
Ng4 9. Bg5 Qe8 10. dxe5 dxe5 11. h3 h6 12. Bd2 Nf6 13. Be3 Qe7 14. a3 c6 15. b4
Nh5 16. c5 Rd8 17. Qc1 Kh7 18. Bxa6 bxa6 19. Rd1 Be6 20. Rxd8 Rxd8 21. Qf1 Qb7
22. Nd2 f5 23. Nc4 f4 24. Bc1 Qd7 25. Nd6 f3 26. Qxa6 fxg2 27. Qb7 Qxb7 28.
Nxb7 Rd3 29. Ne2 Bxh3 30. Kh2 Nf4 31. Ng1 Bg4 32. Be3 h5 33. Na5 Bd7 34. Ra2 g5
35. Rd2 Rxd2 36. Bxd2 h4 37. f3 h3 38. Be3 Kg6 39. a4 a6 40. Nc4 Bf6 41. Nb6
Be6 42. Na8 Bd8 43. Bd2 Kh5 44. b5 cxb5 45. axb5 axb5 46. c6 Be7 47. Nb6 Bc5
48. Bxf4 exf4 49. Nd7 Bxg1+ 50. Kxg1 b4 51. Nc5 b3 52. Nd3 Kg6 53. c7 Kf6 54.
e5+ Kf5 55. Kh2 g4 56. fxg4+ Kxg4 57. Nc5 b2 0-1

[Event "Manhem IM Swiss"]
[Site "?"]
[Date "1999.06.19"]
[Round "8"]
[White "Bekker-Jensen, Simon"]
[Black "Berg, Emanuel"]
[Result "1/2-1/2"]
[WhiteElo "2360"]
[BlackElo "2364"]
[PlyCount "41"]
[EventDate "1999.06.12"]
[EventRounds "9"]

1. d4 f5 2. g3 g6 3. Bg2 Nf6 4. c4 Bg7 5. Nc3 O-O 6. Nh3 Nc6 7. O-O d6 8. d5
Ne5 9. b3 c5 10. Bd2 a6 11. a4 b6 12. Qc2 Rb8 13. Rae1 Qe8 14. f4 Nf7 15. Nf2
Bd7 16. e4 fxe4 17. Ncxe4 Nxe4 18. Nxe4 b5 19. axb5 axb5 20. Bc3 Bxc3 21. Qxc3
1/2-1/2

[Event "Manhem IM Swiss"]
[Site "?"]
[Date "1999.06.19"]
[Round "8"]
[White "Sammalvuo, Tapani"]
[Black "Tetenkina, Irina"]
[Result "1-0"]
[WhiteElo "2413"]
[BlackElo "2085"]
[PlyCount "59"]
[EventDate "1999.06.12"]
[EventRounds "9"]

1. Nf3 Nf6 2. c4 c6 3. Nc3 d5 4. cxd5 cxd5 5. d4 Nc6 6. Bf4 e6 7. e3 a6 8. Bd3
Be7 9. O-O O-O 10. Rc1 Nh5 11. Be5 f6 12. Bg3 Nxg3 13. hxg3 Bd7 14. e4 dxe4 15.
Bxe4 Rc8 16. Ne2 Qb6 17. Nf4 Rfd8 18. d5 Ne5 19. Rxc8 Bxc8 20. Nd4 f5 21. Bc2
Ng4 22. Nfxe6 Rxd5 23. Bb3 Bxe6 24. Bxd5 Bxd5 25. Nxf5 Bc5 26. Qxd5+ Kf8 27.
Rc1 Bxf2+ 28. Kh1 Nf6 29. Rc8+ Ne8 30. Nd6 1-0

[Event "Manhem IM Swiss"]
[Site "?"]
[Date "1999.06.19"]
[Round "8"]
[White "Wesslen, Ulf"]
[Black "Evertsson, Kristian"]
[Result "0-1"]
[WhiteElo "2118"]
[BlackElo "2080"]
[PlyCount "48"]
[EventDate "1999.06.12"]
[EventRounds "9"]

1. d4 Nf6 2. c4 c5 3. d5 e6 4. Nc3 exd5 5. cxd5 d6 6. e4 g6 7. Bd3 Bg7 8. Nge2
O-O 9. O-O Ng4 10. h3 Ne5 11. Bc2 a6 12. a4 Nbd7 13. f4 Nc4 14. Qd3 Na5 15. Qf3
Rb8 16. b3 c4 17. Rb1 cxb3 18. Bxb3 Nxb3 19. Rxb3 Nc5 20. Ra3 b5 21. axb5 axb5
22. Ra1 b4 23. Rb1 Ba6 24. Na2 Bxe2 0-1

[Event "Manhem IM Swiss"]
[Site "?"]
[Date "1999.06.19"]
[Round "8"]
[White "Schneider, Stefan"]
[Black "Olausson, Claes-Goeran"]
[Result "1-0"]
[WhiteElo "2335"]
[BlackElo "2243"]
[PlyCount "57"]
[EventDate "1999.06.12"]
[EventRounds "9"]

1. d4 Nf6 2. c4 g6 3. Nc3 d5 4. cxd5 Nxd5 5. e4 Nxc3 6. bxc3 Bg7 7. Be3 c5 8.
Qd2 Qa5 9. Rb1 b6 10. Bb5+ Bd7 11. Bd3 O-O 12. Ne2 cxd4 13. cxd4 Qxd2+ 14. Kxd2
Nc6 15. Rhc1 Rfd8 16. f3 Be8 17. Rc4 e6 18. Rbc1 Rac8 19. Bg5 f6 20. Be3 Rd6
21. Nc3 a6 22. d5 b5 23. Rxc6 Bxc6 24. dxc6 Rcd8 25. c7 Rxd3+ 26. Kc2 Rxc3+ 27.
Kxc3 Rc8 28. Kb4 Bf8+ 29. Ka5 1-0

[Event "Manhem IM Swiss"]
[Site "?"]
[Date "1999.06.19"]
[Round "8"]
[White "Bekker-Jensen, David"]
[Black "Holmsten, Aleksei"]
[Result "0-1"]
[WhiteElo "2263"]
[BlackElo "2373"]
[PlyCount "80"]
[EventDate "1999.06.12"]
[EventRounds "9"]

1. d4 Nf6 2. c4 g6 3. g3 Bg7 4. Bg2 d5 5. cxd5 Nxd5 6. e4 Nb6 7. Ne2 O-O 8. O-O
e5 9. d5 c6 10. Nbc3 cxd5 11. exd5 Bg4 12. h3 Bd7 13. b3 f5 14. Ba3 Re8 15. Rc1
Kh8 16. Qd2 a5 17. Rb1 Na6 18. d6 Bc6 19. Rfd1 Nb4 20. Rbc1 e4 21. Nf4 g5 22.
Nh5 Be5 23. g4 Nd3 24. gxf5 Nxc1 25. Bxc1 Qd7 26. Nxe4 Qxf5 27. Nhg3 Qg6 28.
Qxg5 Nd7 29. f4 Bg7 30. f5 Qxg5 31. Bxg5 Be5 32. Be7 Rg8 33. Kf2 Rxg3 34. Nxg3
Bxg3+ 35. Kf1 Rc8 36. f6 Kg8 37. Bxc6 Rxc6 38. Ke2 h5 39. h4 Kf7 40. Rg1 Bxd6
0-1

[Event "Manhem IM Swiss"]
[Site "?"]
[Date "1999.06.19"]
[Round "8"]
[White "Christensen, Tobias"]
[Black "Svensson, Bengt"]
[Result "0-1"]
[WhiteElo "2370"]
[BlackElo "2376"]
[PlyCount "64"]
[EventDate "1999.06.12"]
[EventRounds "9"]

1. d4 d5 2. c4 c6 3. Nc3 Nf6 4. e3 a6 5. c5 Bf5 6. Nge2 Nbd7 7. Ng3 Bg6 8. Bd3
Bxd3 9. Qxd3 e6 10. O-O Be7 11. b4 O-O 12. Bd2 Qc7 13. f3 a5 14. b5 b6 15. cxb6
Nxb6 16. Rac1 Nc4 17. bxc6 Qxc6 18. e4 Rfc8 19. Bg5 h6 20. Bxf6 Bxf6 21. e5 Be7
22. f4 Rab8 23. f5 Bg5 24. fxe6 fxe6 25. Qg6 Qe8 26. Qxe8+ Rxe8 27. Na4 Be3+
28. Kh1 Bxd4 29. Ne4 Ne3 30. Nd6 Nxf1 31. Nxe8 Rxe8 32. Rxf1 Rb8 0-1

[Event "Manhem IM Swiss"]
[Site "?"]
[Date "1999.06.19"]
[Round "8"]
[White "Hagesaether, Pal Vegard"]
[Black "Sakalauskas, Vaidas"]
[Result "1/2-1/2"]
[WhiteElo "2285"]
[BlackElo "2450"]
[PlyCount "85"]
[EventDate "1999.06.12"]
[EventRounds "9"]

1. e4 e6 2. d4 d5 3. e5 c5 4. c3 Qb6 5. Nf3 Nc6 6. a3 Nh6 7. b4 cxd4 8. cxd4
Nf5 9. Be3 Bd7 10. Bd3 Nxe3 11. fxe3 Rc8 12. O-O Be7 13. Qe1 Nb8 14. Nc3 O-O
15. h4 f5 16. exf6 Rxf6 17. Kh1 Qd8 18. g3 Be8 19. Ne2 Bg6 20. Bxg6 Rxg6 21.
Nf4 Rf6 22. Ng5 Qd7 23. Qb1 g6 24. Qd3 Bd6 25. Ra2 Rcf8 26. Rh2 e5 27. dxe5
Bxe5 28. Nf3 Bxf4 29. exf4 Nc6 30. h5 Qf5 31. Rd1 Ne7 32. hxg6 Rxg6 33. Ne5 Rg7
34. Rg2 Qh3+ 35. Kg1 Rxf4 36. Qb5 Rf8 37. Qxb7 Qe6 38. Re1 Qd6 39. Qxa7 Nf5 40.
Qc5 Qxc5+ 41. bxc5 Nxg3 42. Nc6 Nf5 43. Ne7+ 1/2-1/2

[Event "Manhem IM Swiss"]
[Site "?"]
[Date "1999.06.19"]
[Round "8"]
[White "Westerinen, Heikki"]
[Black "Moberg, Karl Johan"]
[Result "0-1"]
[WhiteElo "2399"]
[BlackElo "2337"]
[PlyCount "96"]
[EventDate "1999.06.12"]
[EventRounds "9"]

1. e4 e5 2. f4 exf4 3. Nf3 g5 4. h4 g4 5. Ne5 Nf6 6. d4 d6 7. Nd3 Nxe4 8. Bxf4
Qe7 9. Qe2 Nc6 10. c3 Bf5 11. Nd2 O-O-O 12. Nxe4 Qxe4 13. Qxe4 Bxe4 14. Kd2 h5
15. Nf2 f5 16. Nxe4 fxe4 17. d5 Ne7 18. Bc4 Ng6 19. Bg5 Bh6 20. Bxh6 Rxh6 21.
Rae1 Ne5 22. Rxe4 Rf6 23. Bb3 Rdf8 24. Rhe1 Rf2+ 25. R1e2 Rf1 26. Re1 R1f2+ 27.
R1e2 Kd7 28. Rxf2 Rxf2+ 29. Re2 Rf1 30. Re1 Rf2+ 31. Re2 Rf1 32. Re1 Rxe1 33.
Kxe1 Ke7 34. Ke2 Kf6 35. Ba4 Ng6 36. g3 Ne7 37. Bd7 Ke5 38. c4 Kd4 39. b3 Ng8
40. Bf5 Nf6 41. Kf2 b5 42. cxb5 Nxd5 43. Bg6 Nf6 44. a4 d5 45. a5 Ne4+ 46. Kg2
Ke3 47. Bxh5 Nf6 48. Bg6 d4 0-1

[Event "Manhem IM Swiss"]
[Site "?"]
[Date "1999.06.19"]
[Round "8"]
[White "Grabliauskas, Virginijus"]
[Black "Koehn, Peter"]
[Result "1/2-1/2"]
[WhiteElo "2455"]
[BlackElo "2350"]
[PlyCount "106"]
[EventDate "1999.06.12"]
[EventRounds "9"]

1. d4 e6 2. c4 f5 3. g3 Nf6 4. Bg2 c6 5. Nf3 d5 6. O-O Bd6 7. b3 Qe7 8. Bb2 b6
9. Nbd2 Bb7 10. Ne5 O-O 11. Rc1 a5 12. Ndf3 Na6 13. cxd5 cxd5 14. Qd3 Nb4 15.
Qb1 Rfc8 16. Rfd1 Ne4 17. Nd3 Rc7 18. Rxc7 Qxc7 19. Rc1 Qd8 20. Nf4 Bxf4 21.
gxf4 Rc8 22. a3 Rxc1+ 23. Qxc1 Nc6 24. Ng5 h6 25. Nxe4 dxe4 26. Qc3 Qd7 27. e3
Ne7 28. Bf1 Bd5 29. b4 a4 30. b5 Ng6 31. Qc2 Nh4 32. Qxa4 Qf7 33. Qd1 Qg6+ 34.
Kh1 Bc4 35. a4 Kf8 36. Ba3+ Ke8 37. Bd6 Kd7 38. Bb8 Bxf1 39. Qxf1 Kc8 40. Bd6
Kb7 41. Qg1 Qxg1+ 42. Kxg1 Nf3+ 43. Kg2 g5 44. fxg5 hxg5 45. h3 Kc8 46. Kg3 Kd7
47. Bb4 Kd8 48. Bd6 Kd7 49. Bb4 Kd8 50. a5 bxa5 51. Bxa5+ Kd7 52. Bb4 Kc7 53.
Ba5+ Kd7 1/2-1/2

[Event "Manhem IM Swiss"]
[Site "?"]
[Date "1999.06.19"]
[Round "8"]
[White "Akesson, Joel"]
[Black "Polej, Vladimir"]
[Result "0-1"]
[WhiteElo "2223"]
[BlackElo "2386"]
[PlyCount "128"]
[EventDate "1999.06.12"]
[EventRounds "9"]

1. d4 d5 2. c4 dxc4 3. Nf3 Nf6 4. e3 e6 5. Bxc4 a6 6. O-O c5 7. Bb3 Nc6 8. Qe2
cxd4 9. Rd1 Qc7 10. exd4 Be7 11. Nc3 O-O 12. Bg5 Ng4 13. Be3 Bd6 14. h3 Nxe3
15. fxe3 Ne7 16. Rac1 Bd7 17. Ne4 Bc6 18. Neg5 h6 19. Ne4 Ng6 20. d5 exd5 21.
Bxd5 Be5 22. Bxc6 bxc6 23. Nc5 Rfd8 24. Rxd8+ Rxd8 25. b4 a5 26. bxa5 Qxa5 27.
Nb3 Qb6 28. Nxe5 Nxe5 29. Rc3 Rd6 30. Kh2 Rg6 31. Rc5 Qb4 32. Kh1 Nd3 33. Rf5
Ne1 34. Rf2 Rg3 35. Kh2 Qd6 36. Kh1 Nd3 37. Rf3 Rg5 38. Nd4 Ne5 39. Rf1 Qd5 40.
Nf3 Nxf3 41. Rxf3 Re5 42. Rg3 Re4 43. Qb2 g6 44. Rf3 c5 45. Qb8+ Kg7 46. Qb2+
Kh7 47. Qc2 Kg8 48. a4 Rc4 49. e4 Rxe4 50. Rf1 Re3 51. Kg1 Ra3 52. Rd1 Qe5 53.
Rc1 Ra1 54. Rxa1 Qxa1+ 55. Kf2 Qd4+ 56. Ke2 c4 57. a5 Qe5+ 58. Kf2 Qc5+ 59. Ke2
Qc6 60. Ke3 Qc5+ 61. Ke2 c3 62. a6 Qc6 63. Ke1 Qe6+ 64. Qe2 c2 0-1

[Event "Manhem IM Swiss"]
[Site "?"]
[Date "1999.06.20"]
[Round "9"]
[White "Lahlum, Hans-Olav"]
[Black "Wesslen, Ulf"]
[Result "1-0"]
[WhiteElo "2218"]
[BlackElo "2118"]
[PlyCount "57"]
[EventDate "1999.06.12"]
[EventRounds "9"]

1. d4 f5 2. Bg5 d5 3. c4 c6 4. e3 Qb6 5. Qc2 Nd7 6. Nc3 Ngf6 7. cxd5 cxd5 8.
Bxf6 Nxf6 9. Bb5+ Kf7 10. Qb3 e6 11. Nf3 g6 12. O-O Kg7 13. a4 Qa5 14. Ne5 Bd6
15. f4 h6 16. Be2 a6 17. h3 Bb4 18. Bd3 Ne4 19. Nxe4 fxe4 20. Bxe4 dxe4 21. Nc4
Qd8 22. Qxb4 a5 23. Qc5 Rf8 24. Rac1 Ra6 25. Ne5 Qf6 26. Qc7+ Kg8 27. Rc5 Qd8
28. Rfc1 Ra8 29. Nxg6 1-0